00328nam a2200097 4500008004100000040005500041080002400096100001800120245005600138260003600194240910b |||||||| |||| 00| 0 eng d aNational Science LibrarycNational Science Library a541.183:541.128bJ8 aRoginski S.S  aAdsorption und katalyse an inhomogenen oberflachen  c1958aBerlin bAkademie-verlag